00868nab a22002057a 4500003000400000005001700004008004100021040000700062100003400069245011100103260007200214300001300286500005000299505008900349650002000438650002800458650001600486650002800502773013200530OSt20260116170915.0190605e xxu||||| |||| 00| 0 spa d cPJ aCalderón, Daniela Agostina 13aEl impacto de la IA en el derecho del trabajo. Aproximación al metaverso /cDaniela Agostina Calderón. aCiudad Autónoma de Buenos Aires :bThomson Reuters La Ley,c2025. ap. 70-75 aCita Online: Cita: TR LALEY AR/DOC/856/2025. t¿Te interesa el texto completo? Solicitalo al correo: koha@justierradelfuego.gov.ar 0aDERECHO LABORAL 0aDERECHOS DEL TRABAJADOR 0aTELETRABAJO 0aINTELIGENCIA ARTIFICIAL0 02711dCiudad Autónoma de Buenos Aires : Thomson Reuters La Ley, 1999-2002.tRevista de derecho del trabajo. Nº 3 - Mayo 2025